Vista normal Vista MARC

Entrada Personal Name

Número de registros utilizados en: 2

001 - CONTROL NUMBER

  • control field: 18

003 - CONTROL NUMBER IDENTIFIER

  • control field: DO-SdBNP

005 - DATE AND TIME OF LATEST TRANSACTION

  • control field: 20160817100140.0

008 - FIXED-LENGTH DATA ELEMENTS

  • fixed length control field: 160817|| aca||aabn | a|a d

040 ## - CATALOGING SOURCE

  • Original cataloging agency: DO-SdBNP

100 ## - HEADING--PERSONAL NAME

  • Personal name: Roncagliolo, Santiago,
  • Dates associated with a name: 1975-

670 ## - SOURCE DATA FOUND

  • Source citation: Abril rojo, 2006
  • Information found: solapa